A study of linguistic features of advertisements for vehicles in English and Vietnamese

Introduction; Literature review and theoretical background; Methods and procedures...

Đã lưu trong:
Chi tiết về thư mục
Tác giả chính: Lương Anh
Tác giả khác: Lê Phạm Hoài Hương, Assoc.Prof.Dr. (Supervisor.)
Định dạng: Không biết
Ngôn ngữ:English
Được phát hành: Da Nang : University of Danang, 2013.
Những chủ đề:
Các nhãn: Thêm thẻ
Không có thẻ, Là người đầu tiên thẻ bản ghi này!
Thư viện lưu trữ: Mạng thư viện Đại học Đà Nẵng
LEADER 02839na a2200373 4500
001 000031354
003 5995
005 20230531092855.0
008 151001s2013 000 eng
040 |a LNN 
041 |a eng 
082 |a 420.65  |b LƯ-A 
100 |a Lương Anh 
245 1 2 |a A study of linguistic features of advertisements for vehicles in English and Vietnamese  |h [Thesis-Luận văn thạc sĩ] /  |c Lương Anh ; Lê Phạm Hoài Hương hướng dẫn. 
260 |a Da Nang :  |b University of Danang,  |c 2013. 
300 |a vii, 91 tr. ;  |c 29 cm. +  |e 1 tóm tắt. 
500 |a Master thesis in social sciences and humanities. Field: The English language. Code: 60.22.15. 
520 3 |a Introduction; Literature review and theoretical background; Methods and procedures... 
630 0 4 |a English language. 
650 0 4 |a English language  |x Linguistics. 
700 1 |a Lê Phạm Hoài Hương,  |c Assoc.Prof.Dr.,  |e Supervisor. 
OWN |a LNN 
AVA |a UDN50  |b LNN  |c English  |d 420.65 LƯ-A  |e available  |t Error 5001 Not defined in file expand_doc_bib_avail.  |f 1  |g 0  |h N  |i 0  |j AN  |k 1 
Z40 3 |y A study of linguistic features of advertisements for vehicles in English and Vietnamese  |l Library of UFL  |t VIEW  |x http://catalog.udn.vn:80/F?func=service&doc_library=UDN01&local_base=UDN01&doc_number=000031354&sequence=000001&line_number=0001&func_code=DB_RECORDS&service_type=MEDIA  |f tomtat_000025104.pdf  |e pdf  |s 000134095  |k 20230531  |m NTMTHI 
Z40 3 |y A study of linguistic features of advertisements for vehicles in English and Vietnamese  |l Library of UFL  |t VIEW  |x http://catalog.udn.vn:80/F?func=service&doc_library=UDN01&local_base=UDN01&doc_number=000031354&sequence=000002&line_number=0002&func_code=DB_RECORDS&service_type=MEDIA  |f lv-anhchuannhat_000025106.pdf  |e pdf  |s 000839469  |k 20230531  |m NTMTHI 
999 |a From the UDN01 
AVA |a UDN50  |b LNN  |c English  |d 420.65 LƯ-A  |e available  |t Error 5001 Not defined in file expand_doc_bib_avail.  |f 1  |g 0  |h N  |i 0  |j AN  |k 1 
TYP |a Printed language 
856 |y A study of linguistic features of advertisements for vehicles in English and Vietnamese  |l Library of UFL  |t VIEW  |x http://catalog.udn.vn:80/F?func=service&doc_library=UDN01&local_base=UDN01&doc_number=000031354&sequence=000001&line_number=0001&func_code=DB_RECORDS&service_type=MEDIA  |f tomtat_000025104.pdf  |e pdf  |s 000134095  |k 20230531  |m NTMTHI 
856 |y A study of linguistic features of advertisements for vehicles in English and Vietnamese  |l Library of UFL  |t VIEW  |x http://catalog.udn.vn:80/F?func=service&doc_library=UDN01&local_base=UDN01&doc_number=000031354&sequence=000002&line_number=0002&func_code=DB_RECORDS&service_type=MEDIA  |f lv-anhchuannhat_000025106.pdf  |e pdf  |s 000839469  |k 20230531  |m NTMTHI 
980 |a Mạng thư viện Đại học Đà Nẵng